| 000 | 00507ntaaa2200193 4500 | ||
|---|---|---|---|
| 003 | 01 | ||
| 005 | 20251027201430.0 | ||
| 008 | 0714s1973 ag 01 | ||
| 020 | _a9506141932 | ||
| 040 |
_aAR-BaBN _bspa _cAR-BaBN _eaacr _dRIC |
||
| 082 | _a105.0000 H62h | ||
| 100 |
_aSéneca, Lucio Anneo _97942 |
||
| 245 | _aCartas morales a Lucilio | ||
| 250 | _a1 ed. | ||
| 260 |
_aBarcelona=260 \\ _aBuenos Aires : _bOrbis : _bHyspamerica (dist), _c1984 |
||
| 300 |
_a2 v ; _c20 cm |
||
| 650 | _afilosofía | ||
| 942 | _cBK | ||
| 999 |
_c8839 _d8839 |
||